000 00263nam a2200109Ia 4500
008 200302s9999 xx 000 0 und d
100 _aJames W. P. Campbell and Other
245 _aBrick A world History
260 _bUnited Kindom
260 _c2003
300 _a320
999 _c6537
_d6537